Граждане! Давно мы нуждались в местном самоуправлении. И вот, наконец, революция даровала нам всем необходимое, новое, общественное учреждение - Волостное земство... (Запись № 10819520)

Подробности
000 -МАРКЕР
контрольное поле 03526nam0a2200457 4500
001 - ИДЕНТИФИКАТОР ЗАПИСИ
контрольное поле RU\NLR\BIBL_A\011271377
005 - ИДЕНТИФИКАТОР ВЕРСИИ
контрольное поле 20250626034605.0
020 ## - НОМЕР ДОКУМЕНТА В НАЦИОНАЛЬНОЙ БИБЛИОГРАФИИ
Код страны российская федерация
Основное заглавие издания Российской книжной палаты От Февраля к Октябрю: коллекция листовок/Рос. нац. б-ка
035 ## - ДРУГИЕ СИСТЕМНЫЕ НОМЕРА
Идентификатор записи (NLR Aleph) 011271377
100 ## - ДАННЫЕ ОБЩЕЙ ОБРАБОТКИ
Данные общей обработки 20161114d1917 |||y0rusy50 ca
101 0# - ЯЗЫК РЕСУРСА
Язык текста, звукозаписи и т.д. русский
102 ## - СТРАНА ПУБЛИКАЦИИ ИЛИ ПРОИЗВОДСТВА
Страна публикации российская федерация
105 ## - ПОЛЕ КОДИРОВАННЫХ ДАННЫХ: ТЕКСТОВЫЕ МАТЕРИАЛЫ, МОНОГРАФИЧЕСКИЕ
Кодированные данные о монографическом текстовом документе y z 000yy
135 ## - ПОЛЕ КОДИРОВАННЫХ ДАННЫХ: ЭЛЕКТРОННЫЕ РЕСУРСЫ
Кодированные данные для электронного ресурса crcn 024anada
200 1# - ЗАГЛАВИЕ И СВЕДЕНИЯ ОБ ОТВЕТСТВЕННОСТИ
Основное заглавие Граждане! Давно мы нуждались в местном самоуправлении. И вот, наконец, революция даровала нам всем необходимое, новое, общественное учреждение - Волостное земство...
Сведения, относящиеся к заглавию [листовка]
210 ## - ПУБЛИКАЦИЯ, РАСПРОСТРАНЕНИЕ И ДР.
Место издания, распространения и т.д. [Ярославль, Ярославская губ.]
Имя издателя, распространителя и т. д. Типолитография Губ. зем. управы
Дата издания, распространения и т.д. [1917,авг., до 29]
215 ## - ФИЗИЧЕСКАЯ ХАРАКТЕРИСТИКА
Специфическое обозначение материала и объем [1] л.
Размеры 36х27
300 ## - ОБЩИЕ ПРИМЕЧАНИЯ
Текст примечания Под текстом: Граждане! Мы предлагаем голосовать за лиц, означенных в прилагаемом при сем списке, составленном от Общественного собрания
300 ## - ОБЩИЕ ПРИМЕЧАНИЯ
Текст примечания Коллекция листовок "От Февраля к Октябрю" (1 экз.)
325 1# - ПРИМЕЧАНИЕ О КОПИИ
Текст примечания Копия доступна в Электронной библиотеке РНБ
327 1# - ПРИМЕЧАНИЯ О СОДЕРЖАНИИ
Текст примечания О выборах в Волостное земство в Ярославской губернии
517 1# - ДРУГИЕ ВАРИАНТЫ ЗАГЛАВИЯ
Вариант заглавия Давно мы нуждались в местном самоуправлении. И вот, наконец, революция даровала нам всем необходимое, новое, общественное учреждение - Волостное земство...
517 1# - ДРУГИЕ ВАРИАНТЫ ЗАГЛАВИЯ
Вариант заглавия И вот, наконец, революция даровала нам всем необходимое, новое, общественное учреждение - Волостное земство..
540 1# - ДОПОЛНИТЕЛЬНОЕ ЗАГЛАВИЕ, ПРИМЕНЯЕМОЕ КАТАЛОГИЗАТОРОМ
Заглавие Граждане! Мы предлагаем голосовать за лиц, означенных в прилагаемом при сем списке, составленном от Общественного собрания
540 1# - ДОПОЛНИТЕЛЬНОЕ ЗАГЛАВИЕ, ПРИМЕНЯЕМОЕ КАТАЛОГИЗАТОРОМ
Заглавие Мы предлагаем голосовать за лиц, означенных в прилагаемом при сем списке, составленном от Общественного собрания
540 1# - ДОПОЛНИТЕЛЬНОЕ ЗАГЛАВИЕ, ПРИМЕНЯЕМОЕ КАТАЛОГИЗАТОРОМ
Заглавие О выборах в Волостное земство в Ярославской губернии
540 1# - ДОПОЛНИТЕЛЬНОЕ ЗАГЛАВИЕ, ПРИМЕНЯЕМОЕ КАТАЛОГИЗАТОРОМ
Заглавие От Февраля к Октябрю
Сведения о заглавии листовки
606 1# - НАИМЕНОВАНИЕ ТЕМЫ КАК ПРЕДМЕТ
Наименование темы Органы местного самоуправления
Формальный подзаголовок Листовки
Тематический подзаголовок Выборы
Хронологический подзаголовок 1917
Системный номер авторитетной/нормативной записи 2277614
Идентификатор авторитетной/нормативной записи RU\NLR\AUTH\6601593246
607 ## - ГЕОГРАФИЧЕСКОЕ НАИМЕНОВАНИЕ КАК ПРЕДМЕТ
Географическое наименование Россия
Формальный подзаголовок Листовки
Тематический подзаголовок История
Хронологический подзаголовок 1917
Системный номер авторитетной/нормативной записи 2250871
Идентификатор авторитетной/нормативной записи RU\NLR\AUTH\661350120
686 0# - ИНДЕКСЫ ДРУГИХ КЛАССИФИКАЦИЙ
Индекс Т3(2)524.2,011
686 0# - ИНДЕКСЫ ДРУГИХ КЛАССИФИКАЦИЙ
Индекс Т3(2)711.19-536,011
686 1# - ИНДЕКСЫ ДРУГИХ КЛАССИФИКАЦИЙ
Индекс Т3(2Р-4Яр-2Я)711.1,011
852 00 - МЕСТОНАХОЖДЕНИЕ И ШИФР ХРАНЕНИЯ
Идентификатор организации NLR
Наименование фонда или коллекции (Sub-Location Identifier) Фл
Шифр хранения (Call Number) XIV/176
942 ## - ДОПОЛНИТЕЛЬНЫЕ ЭЛЕМЕНТЫ ЗАПИСИ (АБИС)
Тип экземпляра АБИС Книга
980 ## - КОЛЛЕКЦИЯ
Название коллекции Национальная библиография
981 42 - КОЛЛЕКЦИЯ ЭЛЕКТРОННОЙ БИБЛИОТЕКИ
Название коллекции 1917: от Февраля к Октябрю
Название подколлекции Листовки 1917 года

Нет доступных экземпляров.